Nordic Geography By Letter - O - Statistics

General Stats
  • This quiz has been taken 28 times
  • The average score is 7 of 14
Answer Stats
Hint Answer % Correct
Capital of Norway Oslo
100%
King of Norse gods Odin
96%
Denmark's third-largest city Odense
82%
Biggest city in that region Oulu
68%
Swedish city that is located near the Hjälmaren lake Örebro
57%
Strait between Denmark and Sweden Øresund
57%
Popular sport in Nordic countries which includes maps and compasses Orienteering
50%
Second-biggest island of Sweden Öland
43%
Region of Finland located by the Gulf of Bothnia {Ostro}bothnia
43%
Major district in central Stockholm Östermalm
21%
Nuclear plant in southwest Finland {Olki}luoto
14%
County in Sweden Östergötland
14%
Biggest settlement in Jan Mayen {Olonkin}byen
11%
Third-largest island of Sweden Orust
11%
No matching quizzes found
Score Distribution
Percent of People with Each Score
Percentile by Number Answered
Your Score History
You have not taken this quiz